Todos os participantes da história do BBB - Statistics

Estatísticas Gerais
  • Esse quiz foi jogado 263 vezes
    248 desde o último reset
  • A pontuação média é 193 de 380
Estatísticas das Respostas
Edição Participante % Correto
BBB10 Ana Marcela
96%
BBB9 Ana Carolina
95%
BBB18 Ana Paula
95%
BBB20 Felipe Prior
95%
BBB20 Mari
94%
BBB20 Manu Gavassi
92%
BBB21 Camilla de Lucas
90%
BBB21 Juliette
90%
BBB23 Sarah Aline
90%
BBB21 Arthur
89%
BBB22 Arthur Aguiar
89%
BBB12 João Maurício
89%
BBB20 Lucas Chumbo
89%
BBB21 Lucas Penteado
89%
BBB18 | BBB20 | BBB22 Lucas
88%
BBB16 Ana Paula
87%
BBB21 Gilberto
87%
BBB20 Babu
86%
BBB21 Karol Conká
86%
BBB21 Nego Di
86%
BBB20 Rafa Kalimann
86%
BBB9 André Luis
85%
BBB14 João
85%
BBB12 João Carvalho
85%
BBB11 Maria
85%
BBB12 Rafa
85%
BBB20 Bianca Andrade
83%
BBB7 Bruna
83%
BBB23 Bruna Griphao
83%
BBB22 Brunna
83%
BBB11 | BBB12 | BBB16 | +4 others Daniel
82%
BBB6 Daniel Saullo
82%
BBB1 | BBB13 Kleber Bambam
82%
BBB11 | BBB18 | BBB19 | BBB23 Paula
82%
BBB3 Paulo
82%
BBB22 | BBB5 Paulo André
82%
BBB14 | BBB15 | BBB23 Amanda
81%
BBB22 Linn da Quebrada
80%
BBB20 Thelma
80%
BBB21 Carla Diaz
79%
BBB19 | BBB22 | BBB23 | BBB6 Gustavo
79%
BBB5 Karla
79%
BBB20 | BBB4 Marcela
79%
BBB17 Pedro
79%
BBB2 Rodrigo Cowboy
78%
BBB13 | BBB14 | BBB15 | +2 others Aline
77%
BBB21 Fiuk
77%
BBB23 Gabriel Santana
77%
BBB18 Ana Clara
76%
BBB22 Douglas
76%
BBB23 Gabriel
76%
BBB21 Sarah
76%
BBB21 Viih Tube
76%
BBB23 Bruno
75%
BBB10 | BBB4 Marcelo Dourado
75%
BBB7 Diego Alemão
73%
BBB22 Jade Picon
73%
BBB21 Projota
73%
BBB20 Pyong Lee
73%
BBB2 | BBB21 | BBB6 Thaís
73%
BBB23 Fred
72%
BBB23 Fred Nicácio
72%
BBB22 | BBB23 Larissa
72%
BBB1 | BBB7 Bruno
71%
BBB10 | BBB13 Fernanda
71%
BBB7 Fernando Luiz
70%
BBB11 | BBB13 | BBB22 | +2 others Natália
70%
BBB8 Bianca
69%
BBB21 Caio
69%
BBB5 Grazi Massafera
69%
BBB21 Rodolffo
69%
BBB1 | BBB13 André
68%
BBB23 Cezar Black
68%
BBB13 Kamilla
68%
BBB11 Rodrigão
68%
BBB11 | BBB14 | BBB19 | BBB22 Rodrigo
68%
BBB3 Sabrina Sato
68%
BBB22 Laís
67%
BBB21 Lumena
67%
BBB15 Marco
67%
BBB20 Flayslane
66%
BBB20 Guilherme
66%
BBB20 Hadson
66%
BBB17 Luiz Felipe
66%
BBB21 Pocah
66%
BBB1 | BBB14 Vanessa
64%
BBB23 Antônio Cara de Sapato
63%
BBB22 Bárbara
63%
BBB15 Cézar
63%
BBB15 Douglas
63%
BBB22 Eliezer
63%
BBB7 | BBB8 Felipe
63%
BBB20 Ivy
63%
BBB17 | BBB5 | BBB8 Marcos
63%
BBB20 Victor Hugo
63%
BBB15 | BBB2 | BBB8 Fernando
62%
BBB2 | BBB4 Cida
61%
BBB18 Gleici
61%
BBB21 João Luiz
61%
BBB3 Juliana Alves
61%
BBB21 Kerline
61%
BBB23 Ricardo
61%
BBB14 | BBB18 | BBB19 Diego
60%
BBB20 Gabi Martins
60%
BBB16 | BBB4 | BBB5 | +3 others Juliana
60%
BBB4 Marcelo Zulu
60%
BBB9 Max
60%
BBB9 Naiá
60%
BBB22 Eslovênia
59%
BBB13 Marcello
59%
BBB14 | BBB3 | BBB8 Marcelo
59%
BBB7 Alan Pierre
58%
BBB17 Emilly
58%
BBB22 Vinicius
58%
BBB16 | BBB19 | BBB3 | BBB5 Alan
57%
BBB3 Jean Massumi
57%
BBB5 Jean Wyllys
57%
BBB23 MC Guimê
57%
BBB19 Carolina
56%
BBB13 | BBB3 Dhomini
56%
BBB20 Gizelly
56%
BBB18 Kaysar
56%
BBB22 Luciano
56%
BBB18 | BBB6 Mara
56%
BBB4 Thiago
56%
BBB14 Clara
55%
BBB20 Petrix
55%
BBB15 | BBB6 | BBB8 Rafael
55%
BBB1 Sergio
55%
BBB10 Sérgio
55%
BBB17 Vivian
55%
BBB13 Marien
54%
BBB16 Matheus
54%
BBB7 Alberto Cowboy
53%
BBB21 Arcrebiano
53%
BBB16 Munik
53%
BBB2 | BBB23 Tina
53%
BBB19 Vinicius
53%
BBB7 Íris
52%
BBB22 Pedro Scooby
52%
BBB10 | BBB13 Anamara
51%
BBB23 Cristian
51%
BBB10 Dicesar
51%
BBB13 | BBB7 Fani
51%
BBB17 Gabriela Flor
51%
BBB23 Key Alves
51%
BBB10 Lia
51%
BBB18 Patrícia
51%
BBB18 Breno
50%
BBB16 Maria Claudia
50%
BBB16 Geralda
49%
BBB23 Domitila
48%
BBB19 Gabriela
48%
BBB18 Jéssica
48%
BBB12 Renata
48%
BBB19 Hariany
47%
BBB9 Francine
46%
BBB8 Rafinha
46%
BBB6 Carlos
45%
BBB18 Nayara
45%
BBB22 Jessilane
44%
BBB12 Jonas
44%
BBB16 Renan
44%
BBB10 | BBB13 Eliéser
43%
BBB12 | BBB13 Yuri
42%
BBB6 Mariana
41%
BBB12 Monique
41%
BBB17 | BBB6 Roberta
41%
BBB16 Ronan
41%
BBB13 Andressa
40%
BBB10 Cláudia
40%
BBB23 Marília
40%
BBB13 Nasser
40%
BBB9 Priscila
40%
BBB11 Maurício
39%
BBB4 Solange
39%
BBB22 Tiago Abravanel
39%
BBB19 Isabella
38%
BBB15 Luan
38%
BBB11 Diogo
37%
BBB12 Fabiana
37%
BBB12 Fael
37%
BBB11 | BBB18 | BBB8 Jaqueline
37%
BBB10 Michel
37%
BBB22 Naiara Azevedo
37%
BBB10 | BBB15 Angélica
36%
BBB9 Josiane
36%
BBB9 Leonardo
35%
BBB9 Maíra Cardi
35%
BBB23 Marvvila
35%
BBB10 Alex
34%
BBB7 Flávia
34%
BBB19 Hana
34%
BBB4 | BBB5 Tatiana
34%
BBB10 Tessália
33%
BBB11 Adriana
32%
BBB11 Ariadna
32%
BBB17 Elis
31%
BBB17 Ieda
31%
BBB12 | BBB17 Mayara
31%
BBB18 Ayrton
30%
BBB10 Cadu
30%
BBB19 Elana
30%
BBB9 Flávio
30%
BBB17 Manoel
30%
BBB15 Talita
30%
BBB18 Wagner
30%
BBB7 Airton
29%
BBB8 | BBB9 Alexandre
29%
BBB14 Angela
29%
BBB4 Eduardo
29%
BBB11 Igor
29%
BBB2 Manuela
29%
BBB19 Danrley
28%
BBB1 Helena
28%
BBB14 Letícia
28%
BBB4 | BBB5 Rogério
28%
BBB11 Wesley
28%
BBB1 Adriano
27%
BBB9 Norberto
27%
BBB19 Tereza
27%
BBB16 Adélia
26%
BBB11 Diana
26%
BBB10 Elenita
26%
BBB11 Talula
26%
BBB15 Tamires
26%
BBB15 Adrilles
25%
BBB16 Laércio
25%
BBB19 Rízia
25%
BBB1 Caetano
24%
BBB18 Caruso
24%
BBB14 Cássio
24%
BBB14 Franciele
24%
BBB16 Harumi
24%
BBB14 Junior
24%
BBB12 Laisa
24%
BBB1 Alessandra
23%
BBB11 | BBB4 Cristiano
23%
BBB8 Gyselle
23%
BBB12 Kelly
23%
BBB9 Michelle
23%
BBB12 Ronaldo
23%
BBB5 Tati Pink
23%
BBB3 Viviane
23%
BBB3 Elane
22%
BBB17 Marinalva
22%
BBB19 Maycon
22%
BBB6 Agustinho
21%
BBB1 Estela
21%
BBB10 | BBB3 Joseane
21%
BBB6 Léa
21%
BBB18 Mahmoud
21%
BBB15 Mariza
21%
BBB5 Sammy
21%
BBB14 Vagner
21%
BBB4 Antonela
20%
BBB18 Viegas
20%
BBB13 Ivan
19%
BBB11 Janaína
19%
BBB2 Rita
19%
BBB1 Cristiana
18%
BBB2 Fabrício
18%
BBB17 Ilmar
18%
BBB9 Milena
18%
BBB9 Newton
18%
BBB19 Vanderson
18%
BBB7 Analy
17%
BBB3 Dilson
17%
BBB17 Rômulo
17%
BBB2 Thyrso
17%
BBB1 Xaiane
17%
BBB12 Analice
16%
BBB2 Jeferson
16%
BBB9 Ralf
16%
BBB16 Tamiel
16%
BBB8 Thalita
16%
BBB10 Uilliam
16%
BBB14 Alisson
15%
BBB3 Andréa
15%
BBB14 Bella
15%
BBB4 Buba
15%
BBB9 Emanuel
15%
BBB12 Jakeline
15%
BBB5 Marielza
15%
BBB14 Valter
15%
BBB13 Aslan
14%
BBB6 Inês
14%
BBB11 Lucival
14%
BBB9 Mirla
13%
BBB14 Tatiele
13%
BBB7 Carollini
12%
BBB15 Francieli
12%
BBB3 Harry
12%
BBB6 Iran
12%
BBB2 Moisés
12%
BBB2 Tarciana
12%
BBB4 Géris
11%
BBB5 Giulliano
11%
BBB11 Michelly
11%
BBB14 Princy
11%
BBB14 Roni
11%
BBB3 Samantha
10%
BBB8 Thatiana
10%
BBB7 Liane
8%
BBB3 Emilio
7%
Nenhum quiz correspondente encontrado
Distribuição das Pontuações
Porcentagem de Pessoas com Cada Pontuação
Percentil de Números Respondidos
Sua Pontuação Histórica
Você não jogou esse quiz desde o último reset